000 00523nac a22001691u 4500
020 _a0412341409
082 _a620.1
_bSAY
090 _c9759
_d9759
100 _a20080729
245 _aApplied mechanics:
_bA modern approach/
_cF. P. Sayer & J. A. Bones
260 _aLondon:
_bChapman & Hall,1990
_c1990
300 _a340p.:
_bill.;
_c22 cm.
500 _adistributer: Al-Ahram
511 _acatalogued by: wessam
650 _aApplied mechanics
942 _cBB
_k620.1SAY
999 _c9759
_d9759